000 00932ngm a22003130a 4500
001 PT15549
003 AR-LpoUNG
005 20210202000200.0
007 vd cvaizq
008 191001s1968||||ag |||||||||||||||||eng d
037 _c$8.30
040 _aAR-LpoUNG
_bspa
_cAR-LpoUNG
_eaacr
041 _aeng
_aspa
044 _aag
082 0 _a822.33 527rom
100 1 _aZeffirelli, Franco
_edir.
245 1 0 _aRomeo y Julieta
260 _aBuenos Aires :
_bFilm Classic Video,
_c1968.
300 _aVHS (138 min.) : son., col.
505 0 _aGuión: Franco Brusati, Masolino D'Amico. - Diálogos en inglés, subtítulos en castellano
520 _aBasada en la obra de William Shakespeare.
650 4 _aLITERATURA
651 4 _aReino Unido de Gran Bretaña e Irlanda del Norte
653 _aSHAKESPEARE, WILLIAM
653 _aVIDEOS
710 2 _aParamount (firma comercial)
905 _a15549
942 _cVIDEO
999 _c54278
_d54278